<?xml version="1.0" encoding="UTF-8"?>
<record
    xmlns:xsi="http://www.w3.org/2001/XMLSchema-instance"
    xsi:schemaLocation="http://www.loc.gov/MARC21/slim http://www.loc.gov/standards/marcxml/schema/MARC21slim.xsd"
    xmlns="http://www.loc.gov/MARC21/slim">

  <leader>00414nam a22001577a 4500</leader>
  <controlfield tag="003">OSt</controlfield>
  <controlfield tag="005">20240321114927.0</controlfield>
  <controlfield tag="008">170717b        xxu||||| |||| 00| 0 eng d</controlfield>
  <datafield tag="020" ind1=" " ind2=" ">
    <subfield code="a"> 978-0471812005 </subfield>
  </datafield>
  <datafield tag="040" ind1=" " ind2=" ">
    <subfield code="c">SEROSOFT</subfield>
  </datafield>
  <datafield tag="100" ind1=" " ind2=" ">
    <subfield code="a">GOODMAN, RICHARD E.</subfield>
  </datafield>
  <datafield tag="245" ind1=" " ind2=" ">
    <subfield code="a">INTRODUCTION TO ROCK MECHANICS</subfield>
    <subfield code="c">RAO ,SINGIRESU S.</subfield>
  </datafield>
  <datafield tag="260" ind1=" " ind2=" ">
    <subfield code="a">DELHI</subfield>
    <subfield code="b">WILEY INDIA</subfield>
    <subfield code="c">2010</subfield>
  </datafield>
  <datafield tag="300" ind1=" " ind2=" ">
    <subfield code="a">562</subfield>
  </datafield>
  <datafield tag="942" ind1=" " ind2=" ">
    <subfield code="2">ddc</subfield>
    <subfield code="c">03</subfield>
    <subfield code="e">2ND</subfield>
    <subfield code="k">622.2 GOO</subfield>
  </datafield>
  <datafield tag="999" ind1=" " ind2=" ">
    <subfield code="c">35877</subfield>
    <subfield code="d">35877</subfield>
  </datafield>
  <datafield tag="952" ind1=" " ind2=" ">
    <subfield code="0">0</subfield>
    <subfield code="1">0</subfield>
    <subfield code="2">ddc</subfield>
    <subfield code="4">0</subfield>
    <subfield code="7">0</subfield>
    <subfield code="a">01</subfield>
    <subfield code="b">01</subfield>
    <subfield code="d">2017-07-17</subfield>
    <subfield code="e">KIRTI PRAKASHAN</subfield>
    <subfield code="l">0</subfield>
    <subfield code="o">622.2 GOO</subfield>
    <subfield code="p">01-B-121543</subfield>
    <subfield code="r">2017-07-17</subfield>
    <subfield code="w">2017-07-17</subfield>
    <subfield code="y">03</subfield>
  </datafield>
  <datafield tag="952" ind1=" " ind2=" ">
    <subfield code="0">0</subfield>
    <subfield code="1">0</subfield>
    <subfield code="2">ddc</subfield>
    <subfield code="4">0</subfield>
    <subfield code="7">0</subfield>
    <subfield code="a">01</subfield>
    <subfield code="b">01</subfield>
    <subfield code="d">2017-07-17</subfield>
    <subfield code="e">KIRTI PRAKASHAN</subfield>
    <subfield code="l">0</subfield>
    <subfield code="o">622.2 GOO</subfield>
    <subfield code="p">01-B-121544</subfield>
    <subfield code="r">2017-07-17</subfield>
    <subfield code="w">2017-07-17</subfield>
    <subfield code="y">03</subfield>
  </datafield>
  <datafield tag="952" ind1=" " ind2=" ">
    <subfield code="0">0</subfield>
    <subfield code="1">0</subfield>
    <subfield code="2">ddc</subfield>
    <subfield code="4">0</subfield>
    <subfield code="7">0</subfield>
    <subfield code="a">01</subfield>
    <subfield code="b">01</subfield>
    <subfield code="d">2017-07-17</subfield>
    <subfield code="e">KIRTI PRAKASHAN</subfield>
    <subfield code="l">0</subfield>
    <subfield code="o">622.2 GOO</subfield>
    <subfield code="p">01-B-121545</subfield>
    <subfield code="r">2017-07-17</subfield>
    <subfield code="w">2017-07-17</subfield>
    <subfield code="y">03</subfield>
  </datafield>
  <datafield tag="952" ind1=" " ind2=" ">
    <subfield code="0">0</subfield>
    <subfield code="1">0</subfield>
    <subfield code="2">ddc</subfield>
    <subfield code="4">0</subfield>
    <subfield code="7">0</subfield>
    <subfield code="a">01</subfield>
    <subfield code="b">01</subfield>
    <subfield code="d">2017-07-17</subfield>
    <subfield code="e">KIRTI PRAKASHAN</subfield>
    <subfield code="l">0</subfield>
    <subfield code="o">622.2 GOO</subfield>
    <subfield code="p">01-B-121546</subfield>
    <subfield code="r">2017-07-17</subfield>
    <subfield code="w">2017-07-17</subfield>
    <subfield code="y">03</subfield>
  </datafield>
</record>
